| 000 | 01036nam a22002777a 4500 | ||
|---|---|---|---|
| 999 |
_c161415 _d161415 |
||
| 005 | 20190808114858.0 | ||
| 010 | _a1819CHEN B-719091-9111 | ||
| 020 |
_a9789352751532 _c295.00 |
||
| 035 | _aB-719091-9111 | ||
| 035 | _aB-728547 | ||
| 037 | _bBharatiya Sahitya Bhavana | ||
| 082 | _aS | ||
| 100 | _aStilton, Geronimo | ||
| 245 |
_aHeromice: _bdinosaur danger / _cby Geronimo Stilton; translated by Andrea Schaffer; illustrated by Luca Usai,Valeria Cairoli [and] Daniele Verzini |
||
| 260 |
_aNew York _bScholastic Inc. _c2018 (repr.) |
||
| 270 |
_a557 Broadway _bNew York _e10012 |
||
| 300 |
_a114p.: _bcol. ill. _c19cm(pbk) |
||
| 500 | _aAirport | ||
| 700 | _aSchaffer,Andrea | ||
| 700 | _aUsai,Luca | ||
| 700 | _aCairoli,Valeria | ||
| 700 | _aVerzini,Daniele | ||
| 942 |
_2ddc _cCH _mSTI _hS |
||